Cornation durbar, 1911 (Record no. 438184)

000 -LEADER
fixed length control field 00268cam a22001097a 4500
008 - FIXED-LENGTH DATA ELEMENTS--GENERAL INFORMATION
fixed length control field 180718b1912 xxu||||| |||| 00| 0 eng d
082 ## - DEWEY DECIMAL CLASSIFICATION NUMBER
Classification number A6x54072 P659
245 ## - TITLE STATEMENT
Title Cornation durbar, 1911
260 ## - PUBLICATION, DISTRIBUTION, ETC.
Place of publication, distribution, etc. Allahabad
Name of publisher, distributor, etc. Pioneer
Date of publication, distribution, etc. 1912
300 ## - PHYSICAL DESCRIPTION
Extent 251+p.
650 ## - SUBJECT ADDED ENTRY--TOPICAL TERM
Topical term or geographic name entry element Cornation
Holdings
Withdrawn status Lost status Damaged status Not for loan Permanent Location Current Location Date acquired Full call number Barcode Date last seen Price effective from Koha item type
        Indian Institute of Public Administration Indian Institute of Public Administration 2010-04-05 A6x54072 P659 7018 2018-07-21 2018-07-21 Book

Powered by Koha